000 00555nam a2200181Ia 4500
003 GCL
008 140319s9999 xx 000 0 ara d
040 _aGCL /
_cGCL
082 0 4 _a603
_bم.م
100 1 _aمحمد عبدالعزيز خطاب
245 1 0 _aمعجم مصطلحات الحديد والصلب /
_cمحمد عبدالعزيز خطاب
260 _a[S.N] :
_bالمؤسسة الشعبية للتاليف ،
_c1974
300 _a323 ص
650 0 4 _aالمعاجم
650 0 4 _aالحديد
650 0 4 _aالصلب
942 _2ddc
_cREF
999 _c59740
_d59740